[Event "Moscow op-B"]
[Site "Moscow"]
[Date "2009.02.07"]
[Round "8"]
[White "Nikulin, Viktor"]
[Black "Mazurov, Arslan"]
[Result "1-0"]
[WhiteElo "1978"]
[BlackElo "1553"]
[PlyCount "77"]
[EventDate "2009.01.31"]
[EventType "swiss"]
[EventRounds "9"]
[EventCountry "RUS"]
[SourceTitle "EXT 2012"]
[Source "ChessBase"]
[SourceDate "2011.11.24"]
[SourceVersion "1"]
[SourceVersionDate "2011.11.24"]
[SourceQuality "1"]

1. c4 c5 2. Nc3 Nc6 3. g3 d6 4. Bg2 g6 5. e4 Bg7 6. Nge2 f5 7. d3 Nf6 8. 0-0 0-0 9. Nf4 Nd4 10. Rb1 e5 11. Nfd5 Nxd5 12. Nxd5 Be6 13. exf5 Bxf5 14. Ne3 Bc8 15. b4 cxb4 16. Rxb4 Qa5 17. a3 Rb8 18. Nd5 Kh8 19. Bb2 Nc6 20. Rb5 Qd8 21. Bc3 a6 22. Rb2 Qg5 23. Ne3 Bd7 24. h4 Qd8 25. Nd5 b5 26. Nb4 Nxb4 27. axb4 Qc8 28. Rd2 bxc4 29. d4 Bh3 30. dxe5 Bxg2 31. Kxg2 Qc6+ 32. f3 Bxe5 33. Rxd6 Qe8 34. Qa1 Bxc3 35. Qxc3+ Kg8 36. Qxc4+ Kh8 37. Qd4+ Kg8 38. Rf2 Qb5 39. Rd2 1-0

[Event "Moscow op-B"]
[Site "Moscow"]
[Date "2009.02.05"]
[Round "6"]
[White "Nikulin, Viktor"]
[Black "Tutunnikov, Nikolay"]
[Result "1/2-1/2"]
[WhiteElo "1978"]
[BlackElo "1400"]
[PlyCount "89"]
[EventDate "2009.01.31"]
[EventType "swiss"]
[EventRounds "9"]
[EventCountry "RUS"]
[SourceTitle "EXT 2012"]
[Source "ChessBase"]
[SourceDate "2011.11.24"]
[SourceVersion "1"]
[SourceVersionDate "2011.11.24"]
[SourceQuality "1"]

1. c4 Nf6 2. Nc3 g6 3. g3 Bg7 4. Bg2 0-0 5. e4 d6 6. Nge2 e5 7. d3 Nc6 8. 0-0 Nh5 9. Nd5 Ne7 10. Rb1 a5 11. a3 c6 12. Ndc3 f5 13. f4 Kh8 14. Be3 Be6 15. b3 exf4 16. gxf4 fxe4 17. dxe4 Qd7 18. Qe1 Bh3 19. Qh4 Bxg2 20. Kxg2 Bf6 21. Qh3 Qxh3+ 22. Kxh3 Rae8 23. Rf3 Nc8 24. Rbf1 Bg7 25. c5 Rf7 26. b4 axb4 27. axb4 Nf6 28. Ng3 Nd7 29. Bg1 Bf8 30. Bd4+ Kg8 31. Na4 Bg7 32. Bxg7 Kxg7 33. Rd3 dxc5 34. Nxc5 Nf6 35. Rd4 Rfe7 36. e5 Nd5 37. Nce4 Rf8 38. Nc5 Na7 39. f5 Rxe5 40. Nd7 Rexf5 41. Nxf8 Rxf8 42. Rxf8 Kxf8 43. Ne2 Nb5 44. Re4 Kf7 45. Kg2 1/2-1/2